أساسيات الإشعاع المؤين والكشف عنه = (رقم التسجيلة. 28207)

تفاصيل مارك
000 -الفاتح
حقل البيانات ثابتة الطول 00854nam a2200217 a 4500
003 - محدد رقم الضبط
رقم الضبط OSt
005 - وقت وتاريخ اخر تعامل مع التسجيلة
رقم الضبط 20150408114120.0
008 - عناصر البيانات ثابتة الطول - معلومات عامة
حقل البيانات ثابتة الطول 130224s2012 ua a g b 000 0 ara d
020 ## - الرقم الدولى المعيارى للكتب
الرقم الدولى المعيارى للكتاب 9789773582543
040 ## - مصدر الفهرسة
وكالة الفهرسة الأصلية Ma-Un
082 04 - رقم تصنيف ديوى العشرى
رقم الطبعة 21
رقم التصنيف 539.722
رقم المادة ك ع أ
100 1# - المدخل الرئيسى - إسم شخصى
9 (RLIN) 21628
الإسم الشخصى الكناني، عذاب الطاهر.
245 10 - بيان العنوان
العنوان أساسيات الإشعاع المؤين والكشف عنه =
بقية العنوان Principals of ionizing radiation and detection /
بيان المسئوليه,etc تأليف عذاب طاهر الكناني.
246 31 - العنوان الموازى
عنوان صحيح/عنوان مختصر Principals of ionizing radiation and detection
250 ## - بيان الطبعة
بيان الطبعة ط. 1.
260 ## - PUBLICATION, DISTRIBUTION, ETC. (IMPRINT)
مكان الناشر او الموزع القاهرة :
اسم الناشر او الموزع دار الفجر للنشر والتوزيع،
تاريخ النشر أو التوزيع 2012
300 ## - الوصف المادى
التعداد 418 ص. :
تفاصيل ماديه اخرى للوعاء جداول، رسوم ؛
أبعاد الوعاء 24 سم.
504 ## - تبصرة ببليوجرافية
تبصرة ببليوجرافية,الخ ببليوجرافية : ص. 418.
650 #7 - المدخل الاضافى بالموضوع-مصطلح موضوعى
مصطلح موضوعي أو اسم جغرافي كعنصر مدخل الإشعاع النووي
9 (RLIN) 21778
مصدر الرأس أو المصطلح aucsh
942 ## - عناصر المدخل الإضافي( كوها)
مصدر التصنيف او مخطط الترفيف Dewey Decimal Classification
Koha [default] item type كتاب
المقتنيات
حالة الفقد نموذج السعر الفعال حالة تلف ليس للاعارة رقم الطلب رقم النسخة تاريخ الاكتساب الموقع الحالي الباركود الفرع الرئيسي Date last seen نوع المادة فى نظام كوها مصدر التصنيف او خطة الترفيف Total Checkouts
  2013-03-26   Not For Loan 539.722 ك ع أ 1 2013-03-26 المكتبة المركزية بالمجمعة (CL) 00204251 المكتبة المركزية بالمجمعة (CL) 2013-03-26 كتاب Dewey Decimal Classification  
  2013-03-26     539.722 ك ع أ 2 2013-03-26 المكتبة المركزية بالمجمعة (CL) 00204252 المكتبة المركزية بالمجمعة (CL) 2013-03-26 كتاب Dewey Decimal Classification  
  2013-03-26     539.722 ك ع أ 3 2013-03-26 المكتبة المركزية بالمجمعة (CL) 00204253 المكتبة المركزية بالمجمعة (CL) 2013-03-26 كتاب Dewey Decimal Classification